भारत में सामाजिक आंदोलन (Record no. 1010240)
[ view plain ]
| 000 -LEADER | |
|---|---|
| fixed length control field | 01085nam a2200277Ia 4500 |
| 003 - CONTROL NUMBER IDENTIFIER | |
| control field | OSt |
| 005 - DATE AND TIME OF LATEST TRANSACTION | |
| control field | 20221005103516.0 |
| 008 - FIXED-LENGTH DATA ELEMENTS--GENERAL INFORMATION | |
| fixed length control field | 221004b |||||||| |||| 00| 0 hin d |
| 020 ## - INTERNATIONAL STANDARD BOOK NUMBER | |
| International Standard Book Number | 8131602737 (pbk) |
| 037 ## - SOURCE OF ACQUISITION | |
| Terms of availability | Textual |
| 040 ## - CATALOGING SOURCE | |
| Original cataloging agency | CRL |
| Transcribing agency | CRL |
| Language of cataloging | hin |
| 041 ## - LANGUAGE CODE | |
| Source of code | hin |
| Language code of text/sound track or separate title | hin |
| 100 ## - MAIN ENTRY--PERSONAL NAME | |
| Personal name | शाह, घनश्याम |
| 245 #0 - TITLE STATEMENT | |
| Title | भारत में सामाजिक आंदोलन |
| 246 ## - VARYING FORM OF TITLE | |
| Title proper/short title | Bhārat mean sāmājik āandolana |
| 260 ## - PUBLICATION, DISTRIBUTION, ETC. | |
| Place of publication, distribution, etc. | जयपुर |
| Name of publisher, distributor, etc. | रावत पब्लिकेशन्स भारत |
| Date of publication, distribution, etc. | 2009 |
| 300 ## - PHYSICAL DESCRIPTION | |
| Extent | 258पृ0 |
| Dimensions | cm. |
| 650 ## - SUBJECT ADDED ENTRY--TOPICAL TERM | |
| Topical term or geographic name entry element | भारतीय-लोक साहित्य |
| 700 ## - ADDED ENTRY--PERSONAL NAME | |
| Personal name | रावत, हरि कृष्ण, अनु. |
| 9 (RLIN) | 623680 |
| 942 ## - ADDED ENTRY ELEMENTS (KOHA) | |
| Classification part | Yv2, 152P9 |
| Koha item type | Textual |
| Source of classification or shelving scheme | |
| Withdrawn status | Lost status | Damaged status | Not for loan | Home library | Current library | Date acquired | Source of acquisition | Cost, normal purchase price | Total Checkouts | Full call number | Barcode | Date due | Date last seen | Date last checked out | Cost, replacement price | Price effective from | Koha item type |
|---|---|---|---|---|---|---|---|---|---|---|---|---|---|---|---|---|---|
| Central Library | Central Library | 2022-10-05 | CBS/248, 28/01/2015, Classic Book Service | 250.00 | 2 | Yv2 152P9 | CL1552888 | 2024-12-19 | 2026-01-07 | 2026-01-07 | 250.00 | 2022-10-05 | Textual |
